Sanskrit poetics; (Record no. 67332)

MARC details
000 -LEADER
fixed length control field 00723cam a22002411 4500
001 - CONTROL NUMBER
control field sa 66000596
003 - CONTROL NUMBER IDENTIFIER
control field DLC
005 - DATE AND TIME OF LATEST TRANSACTION
control field 20260227112216.0
008 - FIXED-LENGTH DATA ELEMENTS--GENERAL INFORMATION
fixed length control field 720524s1965 ii b 000 0 eng
010 ## - LIBRARY OF CONGRESS CONTROL NUMBER
LC control number sa 66000596
025 ## - OVERSEAS ACQUISITION NUMBER
Overseas acquisition number PL480:I-E-5311
035 ## - SYSTEM CONTROL NUMBER
System control number (OCoLC)316515
040 ## - CATALOGING SOURCE
Original cataloging agency DLC
Transcribing agency OAU
Modifying agency OCoLC
-- DLC
042 ## - AUTHENTICATION CODE
Authentication code premarc
050 00 - LIBRARY OF CONGRESS CALL NUMBER
Classification number PK2916
Item number .K66
100 0# - MAIN ENTRY--PERSONAL NAME
Personal name Krishna Chaitanya,
Dates associated with a name 1918-
245 10 - TITLE STATEMENT
Title Sanskrit poetics;
Remainder of title a critical and comparative study
Statement of responsibility, etc. [by] Krishna Chaitanya.
260 ## - PUBLICATION, DISTRIBUTION, ETC.
Place of publication, distribution, etc. Bombay,
-- New York,
Name of publisher, distributor, etc. Asia Pub. House
Date of publication, distribution, etc. [1965]
300 ## - PHYSICAL DESCRIPTION
Extent xiv, 466 p.
Dimensions 25 cm.
504 ## - BIBLIOGRAPHY, ETC. NOTE
Bibliography, etc. note Includes bibliographical references.
650 #0 - SUBJECT ADDED ENTRY--TOPICAL TERM
Topical term or geographic name entry element Sanskrit poetry
General subdivision History and criticism.
650 #0 - SUBJECT ADDED ENTRY--TOPICAL TERM
Topical term or geographic name entry element Poetics.

No items available.

Powered by Koha